000 01612nam0a2200397 4500
001 RU\NLR\bibl\1450520
005 20250615231534.0
010 _a978-5-222-16262-0
_bв пер.
_93000
021 _aRU
_b2009-84665
_95325
035 _a(nilc)RSL-KNO-004400353
035 _a(NLR Aleph) 001442342
090 _a1470962
_c1470962
100 _a20091021d2009 |||y0rusy50 ca
101 0 _arus
102 _aRU
105 _ay zzzz|||||
200 1 _aРебенок от рождения до года
_eдомашний справочник
_fЕ. А. Василенко
210 _aРостов-на-Дону
_cФеникс
_d2009
215 _a222 с.
_d21
225 1 _aСерия "Домашняя медицинская библиотека"
300 _aНа обл. авт. не указан
320 _aБиблиогр.: с. 219
606 1 _aГрудные дети
_jСправочники
_xРазвитие
_9948126
_3RU\NLR\auth\66351938
606 1 _aГрудные дети
_jСправочники
_xГигиена
_9942313
_3RU\NLR\auth\66348888
606 1 _aГрудные дети
_jСправочники
_xАнатомо-физиологические особенности
_92579354
_3RU\NLR\auth\661524905
686 _aР733,0
_2rubbk
686 _aР128.91-3,0
_2rubbk
686 _aР731.1я22
686 _aР128.919-3я22
700 1 _aВасиленко
_bЕ. А.
_gЕлена Александровна
_4070
801 0 _aRU
_bРКП
_c20091021
_grcr
801 1 _aRU
_bРГБ
_c20091021
801 2 _aRU
_bNLR
_c20091210
_grcr
942 _cBOOK
980 _aNB